| 000 -LEADER | |
|---|---|
| fixed length control field | 00408nam a22001457a 4500 |
| 005 - DATE AND TIME OF LATEST TRANSACTION | |
| control field | 20230118113621.0 |
| 008 - FIXED-LENGTH DATA ELEMENTS--GENERAL INFORMATION | |
| fixed length control field | 210127b xxu||||| |||| 00| 0 eng d |
| 020 ## - INTERNATIONAL STANDARD BOOK NUMBER | |
| ISBN | 9789381238189 |
| 041 ## - LANGUAGE CODE | |
| Language code of text/sound track or separate title | eng |
| 100 ## - MAIN ENTRY--AUTHOR NAME | |
| Personal name | GOVERNMENTOF INDIA MINISTRY OF HEALTH & FAMALY WELFARE |
| 245 ## - TITLE STATEMENT | |
| Title | INDIA PHARMACOPOEIA , 2018 [VOL-IV] |
| 260 ## - PUBLICATION, DISTRIBUTION, ETC. (IMPRINT) | |
| Place of publication | GHAZIABAD |
| Name of publisher | IPCG |
| 650 ## - SUBJECT ADDED ENTRY--TOPICAL TERM | |
| Topical Term | PHARMACY |
| General subdivision | D.PHARMA |
| 942 ## - ADDED ENTRY ELEMENTS (KOHA) | |
| Koha item type | Books |
| Lost status | Damaged status | Collection code | Home library | Current library | Shelving location | Date acquired | Source of acquisition | Accession Number | Koha item type |
|---|---|---|---|---|---|---|---|---|---|
| PHARMACY | JRU Library | JRU Library | Shelf - 26- F | 27/01/2021 | XEROX COPY | 25163 | Books |